Cinco cerditos / (Registro nro. 30024)
[ vista simple ]
| 000 -LEADER | |
|---|---|
| fixed length control field | 01252nam a22001937a 4500 |
| 003 - CONTROL NUMBER IDENTIFIER | |
| control field | OSt |
| 005 - DATE AND TIME OF LATEST TRANSACTION | |
| control field | 20250619104325.0 |
| 008 - FIXED-LENGTH DATA ELEMENTS--GENERAL INFORMATION | |
| fixed length control field | 230517b |||||||| |||| 00| 0 eng d |
| 020 ## - INTERNATIONAL STANDARD BOOK NUMBER | |
| International Standard Book Number | 9788467051537 |
| 020 ## - INTERNATIONAL STANDARD BOOK NUMBER | |
| International Standard Book Number | 9789584271112 |
| 040 ## - CATALOGING SOURCE | |
| Original cataloging agency | CO-JMCR |
| Language of cataloging | spa |
| Transcribing agency | CO-JMCR |
| 041 1# - LANGUAGE CODE | |
| Language code of text/sound track or separate title | spa |
| Language code of original | eng |
| 082 ## - DEWEY DECIMAL CLASSIFICATION NUMBER | |
| Classification number | A-N |
| Item number | CHRc |
| 100 1# - MAIN ENTRY--PERSONAL NAME | |
| Personal name | Christie, Agatha, |
| Relator term | autora |
| 9 (RLIN) | 42190 |
| 245 10 - TITLE STATEMENT | |
| Title | Cinco cerditos / |
| Statement of responsibility, etc. | Agatha Christie |
| 520 ## - SUMMARY, ETC. | |
| Summary, etc. | Dieciséis años atrás, Caroline Crale fue condenada por asesinar a su esposo, el pintor Amyas Crale, cuando éste estaba a punto de abandonarla por una mujer más joven, Tras morir en prisión, Caroline dejó una carta a su hija de cinco años, Carla, reafirmando su inocencia. Ahora Carla sabe que necesita la ayuda del mejor detective del mundo para volver al pasado y hallar al verdadero asesino. Hércules Poirot someterá a sus peculiares interrogatorios a cinco sospechosos: Elsa Greer, la última amante del difunto; Angela, la hermanastra de Caroline; la señorita Williams, la institutriz; y los hermanos Blake, uno de ellos agente de bolsa y el otro aficionado a la botánica. Cinco sólidas coartadas pero una de ellas es mentira. ¿Quién será el asesino? |
| 546 ## - LANGUAGE NOTE | |
| Language note | Traducido del inglés |
| 942 ## - ADDED ENTRY ELEMENTS (KOHA) | |
| Source of classification or shelving scheme | Dewey Decimal Classification |
| Koha item type | Books |
| Withdrawn status | Lost status | Source of classification or shelving scheme | Damaged status | Not for loan | Home library | Current library | Shelving location | Date acquired | Source of acquisition | Total Checkouts | Total Renewals | Full call number | Barcode | Date last seen | Date last checked out | Copy number | Price effective from | Koha item type |
|---|---|---|---|---|---|---|---|---|---|---|---|---|---|---|---|---|---|---|
| Dewey Decimal Classification | Biblioteca Pública José María del Castillo y Rada | Biblioteca Pública José María del Castillo y Rada | New Materials Shelf | 05/17/2023 | Donación | 2 | 2 | A-N CHRc | 201812078 | 08/27/2024 | 08/27/2024 | Ej.1 | 05/17/2023 | Books |